| 000 | 00842nam a2200229 a 4500 | ||
|---|---|---|---|
| 001 | BRCA_2267 | ||
| 005 | 20190320203733.0 | ||
| 008 | 950509s2004####ne-a######---#000-1#spa-# | ||
| 041 | _aspa | ||
| 044 | _ane | ||
| 050 | 4 |
_aTR820 _b.W67 2004 |
|
| 245 | 1 | 0 |
_aWorld Press Photo 04 _ceditor Kari Lundelin ; traducción Silvana Laguardia. |
| 260 |
_aÁmsterdam _bFundación World Press Photo _c2004 |
||
| 300 |
_a156 p. _bil. (algunas a color) _c30 cm. |
||
| 500 | _aCatálogo de la exposición realizada en el Museo Franz Mayer (Ciudad de México), 21 octubre - 14 noviembre, 2004 | ||
| 500 | _aIncluye lista de países participantes | ||
| 650 | 1 | 4 |
_aFotoperiodismo _vExposiciones _xPremios _95406 |
| 650 | 1 | 4 |
_aFotografía _vExposiciones _xPremios _95407 |
| 700 | 1 |
_aLundelin, Kari _96806 |
|
| 700 | 1 |
_aLaguardia, Silvana _95408 |
|
| 942 |
_2lcc _cB |
||
| 999 |
_c2015 _d2015 |
||